15 largest landlocked countries - Statistics

General Stats
  • This quiz has been taken 379 times
  • The average score is 13 of 15
Answer Stats
Size Answer % Correct
2,724,900 Kazakhstan
98%
1,566,500 Mongolia
97%
1,284,000 Chad
94%
1,098,581 Bolivia
93%
1,240,192 Mali
89%
449,100 Uzbekistan
89%
622,984 Central African Republic
88%
1,267,000 Niger
88%
488,100 Turkmenistan
85%
406,752 Paraguay
84%
582,000 Botswana
80%
752,612 Zambia
79%
652,230 Afghanistan
78%
619,745 South Sudan
78%
1,104,300 Ethiopia
77%
No matching quizzes found
Score Distribution
Percent of People with Each Score
Percentile by Number Answered
Your Score History
You have not taken this quiz